Tucson International Airport Destinations (Tucson, AZ, USA) - Map - Statistics

General Stats
  • This quiz has been taken 20 times
  • The average score is 18 of 18
Answers on the Map
Answers color-coded by a green-red scale on the quiz's map according to % correct below.
 
Answer Stats
Destination % Correct
Atlanta
100%
Chicago (Midway)
100%
Chicago (O'Hare)
100%
Dallas/Fort Worth
100%
Dallas (Love)
100%
Denver
100%
Houston (Hobby)
100%
Houston (Intercontinental)
100%
Las Vegas
100%
Los Angeles
100%
Minneapolis/St. Paul
100%
Phoenix (Sky Harbor)
100%
Portland (OR)
100%
Salt Lake City
100%
San Francisco
100%
Seattle/Tacoma
100%
San Diego
95%
Orange County
63%
No matching quizzes found
Score Distribution
Percent of People with Each Score
Percentile by Number Answered
Your Score History
You have not taken this quiz